Estadísticas para Provincias de España en 1 minuto

Haz click aquí para intentar la prueba.

Estadísticas generales

  • Esta prueba ha sido intentada 126 veces
  • La puntuación promedio es 24 de 50

Estadísticas de respuestas

Respuesta% Correcto
Madrid
83%
Barcelona
79%
Sevilla
72%
Valencia
71%
Tarragona
67%
Asturias
66%
Lugo
66%
Girona / Gerona
64%
Lleida / Lérida
64%
Alicante
62%
Castellón
62%
Ourense / Orense
62%
Pontevedra
60%
A Coruña / La Coruña / Coruña
59%
Murcia
59%
Málaga
55%
Toledo
53%
Cádiz
52%
Zaragoza
52%
Cantabria
50%
Granada
50%
León
50%
Córdoba
48%
Huesca
48%
Almería
47%
Huelva
47%
Jaén
47%
Teruel
47%
Soria
45%
Badajóz
43%
Albacete
41%
Ávila
41%
Cáceres
41%
Guadalajara
41%
Álava / Araba
40%
Segovia
40%
Ciudad Real
38%
Cuenca
38%
Navarra
38%
Valladolid
38%
La Rioja
34%
Guipúzcoa / Gipuzkoa
33%
Salamanca
31%
Vizcaya / Bizkaia
31%
Burgos
29%
Zamora
28%
Palencia
26%
Baleares
19%
Tenerife
9%
Las Palmas de Gran Canaria
2%

Distribución de puntuación

Porcentaje por número respondido

Porcentaje de gente con cada puntuación

Historial de tus puntuaciones

No has intentado esta prueba.